Zwyciężczynie turniejów wielkoszlemowych 2011-2020 - zdjęcia. - Statystyki

Ogólne statystyki
  • Ten quiz został rozwiązany 18 razy
  • Średni wynik to 13 z 20
Statystyki odpowiedzi
Obrazkowy Odpowiedź % Poprawnych
Iga Świątek
100%
Naomi Osaka
94%
Serena Williams
94%
Simona Halep
81%
Wiktoria Azarenka
81%
Ashleigh Barty
75%
Maria Szarapowa
75%
Petra Kvitova
75%
Caroline Wozniacki
69%
Garbine Muguruza
69%
Kim Clijsters
69%
Sloane Stephens
69%
Li Na
63%
Jelena Ostapienko
56%
Sofia Kenin
56%
Angelique Kerber
50%
Bianca Andreescu
50%
Marion Bartoli
44%
Samantha Stosur
38%
Flavia Penetta
25%
Nie znaleziono quizów pasujących do podanych kryteriów
Rozkład punktacji
Procent ludzi z każdym wynikiem
Percentyl według liczby udzielonych odpowiedzi
Twoja historia wyników
Nie rozwiązałeś tego quizu